000 02133cam a2200529 4500
999 _c22850
_d22850
001 vtls011843541
005 20200129130121.0
008 190301s2019 xo a grf 010 0 slo
020 _a9788022209588
_q(viazané)
040 _aTTKJF
_bslo
_cTTKJF
_dSNK
_erda
041 1 _aslo
_hger
044 _axo
_cSK
072 7 _a37
_xVýchova a vzdelávanie
_2konspekt
080 _a173.5:173.7
_22011
080 _a37.015.311-053.2
_22011
080 _a159.922.7
_22011
080 _a159.942
_22011
080 _a316.614.5
_22011
080 _a(0.062)
_22011
080 _a(035)
_22011
100 1 _aGraf, Danielle
_40 aut
_91405
240 1 4 _aDas gewünschteste Wunschkind aller Zeiten treibt mich in den Wahnsinn. Gelassen durch die Jahre 5 bis 10
_lSlovensky
245 1 0 _aMoje vymodlené dieťa ma privádza do zúfalstva:
_bľahkým krokom od 5 do 10 rokov
_n2
_cDanielle Graf, Katja Seide ; z nemeckého originálu Das gewünschteste Wunschkind aller Zeiten treibt mich in den Wahnsinn. Gelassen durch die Jahre 5 bis 10 ... preložila Katarína Széherová
250 _aVydanie I.
264 1 _aBratislava
_bTatran
_c2019
300 _a350 strán
_c21cm
336 _atext
_btxt
_2rdacontent
337 _abez média
_bn
_2rdamedia
338 _azväzok
_bnc
_2rdacarrier
500 _aObsahuje biografické údaje o autorkách na strane 347
650 0 7 _arodičia a deti
_2SNKPH
_91600
650 0 7 _aParents and children
_2SNKPHeng
_91604
650 0 7 _avýchova dieťaťa
_2SNKPH
_91598
650 0 7 _aChild rearing
_2SNKPHeng
_91606
650 0 7 _apsychológia dieťaťa
_2SNKPH
_91634
650 0 7 _aChild psychology
_2SNKPHeng
_91648
650 0 7 _anegatívne emócie
_2SNKPH
_91622
650 0 7 _aNegative emotions
_2SNKPHeng
_91649
650 0 7 _apsychológia rodiny
_2SNKPH
_91650
650 0 7 _aPsychology of family
_2SNKPHeng
_91651
655 7 _apopulárno-náučné publikácie
_2SNKPH
_91486
655 7 _apríručky
_2SNKPH
_91541
655 7 _aPopular works
_2SNKPHeng
_91487
655 7 _aHandbooks, manuals, etc.
_2SNKPHeng
_91630
700 1 _aSeide, Katja
_4aut
_91406
700 1 _aSzéherová, Katarína
_4trl
_91652